Catálogo
 En Linea

Heredia / (Registro nro. 8879)

Detalles MARC
000 -CABECERA
campo de control de longitud fija 00808nam a2200241 a 4500
001 - NÚMERO DE CONTROL
campo de control 000009115
003 - IDENTIFICADOR DEL NÚMERO DE CONTROL
campo de control DO-SdBNP
005 - FECHA Y HORA DE LA ÚLTIMA TRANSACCIÓN
campo de control 20230113093819.0
007 - CAMPO FIJO DE DESCRIPCIÓN FÍSICA--INFORMACIÓN GENERAL
campo de control de longitud fija ta
008 - DATOS DE LONGITUD FIJA--INFORMACIÓN GENERAL
campo de control de longitud fija 090928s1939 dr 000 0 spa d
040 ## - FUENTE DE LA CATALOGACIÓN
Centro catalogador/agencia de origen DO-SdBNP
Lengua de catalogación spa
Centro/agencia transcriptor BNPHU
082 ## - NÚMERO DE LA CLASIFICACIÓN DECIMAL DEWEY
Número de clasificación Cu861.42
Número de documento/Ítem H542zU
Número de edición 22
100 1# - ENTRADA PRINCIPAL--NOMBRE DE PERSONA
Nombre de persona Ciprano de Utrera, fray
9 (RLIN) 23770
245 10 - MENCIÓN DE TÍTULO
Título Heredia /
Mención de responsabilidad, etc. Cipriano de Utrera.
260 ## - PUBLICACIÓN, DISTRIBUCIÓN, ETC.
Lugar de publicación, distribución, etc. Ciudad Trujillo, República Donimicana :
Nombre del editor, distribuidor, etc. Franciscana,
Fecha de publicación, distribución, etc. 1939.
300 ## - DESCRIPCIÓN FÍSICA
Extensión 156 p. ;
Dimensiones 24 cm.
500 ## - NOTA GENERAL
Nota general A la cabeza del título: Centenario de José Maria Heredia (1839-1939) homenaje de la República Dominicana
504 ## - NOTA DE BIBLIOGRAFÍA, ETC.
Nota de bibliografía, etc. Bibliografía: p. 145-156
590 ## - NOTA LOCAL (RLIN)
Nota local Inventariado, 2023 / DG
600 14 - PUNTO DE ACCESO ADICIONAL DE MATERIA--NOMBRE DE PERSONA
Nombre de persona HEREDIA, JOSÉ MARIA
Fechas asociadas al nombre 1803-1939
9 (RLIN) 23771
910 ## - DATOS DE OPCIÓN DEL USUARIO (OCLC)
Datos de opción del usuario Validado. Control de calidad MFF
942 ## - ELEMENTOS DE PUNTO DE ACCESO ADICIONAL (KOHA)
Fuente del sistema de clasificación o colocación Dewey Decimal Classification
Tipo de ítem Koha Libro
Existencias
Estado de retiro Estado de pérdida Restricciones de uso No para préstamo Código de colección Localización permanente Ubicación/localización actual Ubicación en estantería Fecha de adquisición Número de inventario Total de préstamos Signatura topográfica completa Código de barras Fecha visto por última vez Precio válido a partir de Tipo de ítem Koha Nota pública Fuente del sistema de clasificación o colocación Número de copia
    Excluido de préstamo   Patrimonio Dominicano Biblioteca Nacional Pedro Henríquez Ureña Biblioteca Nacional Pedro Henríquez Ureña En catalogación 13.01.2023     BNPHU PD Cu861.42 H542zU 2023-0124 13.01.2023 13.01.2023 Libro   Dewey Decimal Classification e.2
      Excluido de préstamo Raros y valiosos Patrimonio Dominicano Patrimonio Dominicano Depósito 28.09.2009 LF1   Cu861.42 H542zU 9115-10 25.06.2020 25.06.2020 No se presta Perteneció a la biblioteca personal de Martínez Boog.    

Con tecnología Koha